00345nam a2200121Ia 4500008004100000100002000041245010500061260001200166260001100178260000900189300000700198650001800205160123s9999 xx 000 0 und d10aPerera,U.M.P.K. aDevelopment of Fluorescent Sensor Based on Naphthyl Acetoxy Hydroxamic Acid to Detect Fluoride Ions aColombo bIchemc c2013 a35 aFluoride Ions